000 00654nam a2200181Ia 4500
008 090124s9999 xx 000 0 und d
082 _b25515
100 _aबनहट्टी राजेंद्र
245 _a अखेरचे आत्मचरित्र
250 _a2
260 _bश्री विशाखा प्रकाशन
_c1986
300 _a97
600 _aबनहट्टी राजेंद्र
630 _a अखेरचे आत्मचरित्र
700 _aबनहट्टी राजेंद्र
730 _a अखेरचे आत्मचरित्र
942 _cBOOK
999 _c93389
_d93389